| 000 | 00976cam a22003015a 4500 | ||
|---|---|---|---|
| 001 | 17249049 | ||
| 003 | SISC | ||
| 005 | 20170125134047.0 | ||
| 008 | 120410s2014 ohua b 001 0 eng | ||
| 010 | _a 2012937324 | ||
| 020 | _a9780324235999 (pbk) | ||
| 020 | _a0324235992 (pbk) | ||
| 040 |
_aDLC _cDLC |
||
| 042 | _apcc | ||
| 050 |
_aHD 31 _b.D131 2014 |
||
| 100 | 1 | _aDaft, Richard L. | |
| 245 | 1 | 0 |
_aBuilding management skills : _ban action-first approach / _cRichard L. Daft, Dorothy Marcic. |
| 260 |
_aMason, Ohio : _bSouth-Western ; _aAndover : _bCengage Learning [distributor], _c2014. |
||
| 300 |
_axxvii, 638 pages : _c25 cm. _billustrations ; |
||
| 500 | _aIncludes bibliographic references and index. | ||
| 521 | _aBusiness Administration | ||
| 650 | 0 | _aManagement. | |
| 700 | 1 | _aMarcic, Dorothy. | |
| 906 |
_a0 _bibc _corigres _d3 _encip _f20 _gy-gencatlg |
||
| 942 |
_2lcc _cBK _kFOR |
||
| 999 |
_c277367 _d277367 |
||